[Event "St Petersburg Summer op"]
[Site "St Petersburg"]
[Date "2017.08.24"]
[Round "9"]
[White "Stepanov, Andrey"]
[Black "Seregina, Maria"]
[Result "1-0"]
[WhiteElo "2110"]
[BlackElo "1875"]
[PlyCount "117"]
[EventDate "2017.08.16"]
[EventType "swiss"]
[EventRounds "9"]
[EventCountry "RUS"]
[SourceTitle "CBM 180 Extra"]
[Source "ChessBase"]
[SourceDate "2017.10.06"]
[SourceVersion "1"]
[SourceVersionDate "2017.10.06"]
[SourceQuality "1"]

1. d4 g6 2. Nf3 Bg7 3. g3 b6 4. Bg2 Bb7 5. 0-0 e6 6. c4 Ne7 7. Nc3 0-0 8. Qc2 d6 9. b3 Nd7 10. Bb2 h6 11. Rfd1 f5 12. Ng5 hxg5 13. Bxb7 Rb8 14. Bg2 a6 15. a4 a5 16. Rac1 Nf6 17. e4 f4 18. e5 Ng4 19. Bh3 Nh6 20. Bxe6+ Kh8 21. exd6 Qxd6 22. d5 fxg3 23. hxg3 Nef5 24. Nb5 Qd8 25. Bxg7+ Kxg7 26. Qc3+ Kh7 27. Qe5 Nd6 28. Kg2 Qf6 29. Qxf6 Rxf6 30. Nxc7 Rbf8 31. Rc2 Rf3 32. Rb2 Rc3 33. Rdd2 Nhf7 34. Bxf7 Rxf7 35. Ne6 Kh6 36. Rd1 Kh5 37. Rh1+ Kg4 38. Nd4 Ne4 39. f3+ Rfxf3 40. Nxf3 Rxf3 41. Re1 Rxg3+ 42. Kh1 Kf3 43. Kh2 g4 44. Rf1+ Ke3 45. Rg2 Rh3+ 46. Kg1 Ng3 47. Re1+ Kd3 48. Kf2 Ne4+ 49. Rxe4 Kxe4 50. Rxg4+ Ke5 51. Rg5+ Kd4 52. Rg3 Rh6 53. Kf3 Kc5 54. Kf4 Rh1 55. Rxg6 Rf1+ 56. Ke3 Rh1 57. Rc6+ Kb4 58. Rxb6+ Ka3 59. Kd4 1-0

[Event "St Petersburg Summer op"]
[Site "St Petersburg"]
[Date "2017.08.21"]
[Round "6"]
[White "Klepikov, Nikita"]
[Black "Stepanov, Andrey"]
[Result "1-0"]
[WhiteElo "2305"]
[BlackElo "2110"]
[PlyCount "73"]
[EventDate "2017.08.16"]
[EventType "swiss"]
[EventRounds "9"]
[EventCountry "RUS"]
[SourceTitle "CBM 180 Extra"]
[Source "ChessBase"]
[SourceDate "2017.10.06"]
[SourceVersion "1"]
[SourceVersionDate "2017.10.06"]
[SourceQuality "1"]

1. e4 c5 2. Nf3 d6 3. d4 cxd4 4. Nxd4 Nf6 5. Nc3 Nc6 6. Bc4 e6 7. Be3 a6 8. Qe2 Qc7 9. 0-0-0 Be7 10. Rhg1 Na5 11. Bd3 b5 12. g4 Nd7 13. f4 Nc5 14. Nf5 b4 15. Bxc5 dxc5 16. Nxe7 bxc3 17. Nxc8 Qxc8 18. e5 Qb7 19. bxc3 Rb8 20. Qe4 Qb6 21. Kd2 c4 22. Be2 0-0 23. Rg3 Rfd8+ 24. Ke1 Qb2 25. f5 Rxd1+ 26. Bxd1 Rd8 27. Be2 Qb5 28. f6 Nc6 29. Rh3 g6 30. g5 Nxe5 31. Rxh7 Kxh7 32. Qh4+ Kg8 33. Qh6 Nf3+ 34. Kf1 Nd2+ 35. Ke1 Qb1+ 36. Kf2 Ne4+ 37. Kg2 1-0

[Event "St Petersburg Summer op"]
[Site "St Petersburg"]
[Date "2017.08.17"]
[Round "2"]
[White "Davidov, Alexey"]
[Black "Stepanov, Andrey"]
[Result "0-1"]
[WhiteElo "1732"]
[BlackElo "2110"]
[PlyCount "98"]
[EventDate "2017.08.16"]
[EventType "swiss"]
[EventRounds "9"]
[EventCountry "RUS"]
[SourceTitle "CBM 180 Extra"]
[Source "ChessBase"]
[SourceDate "2017.10.06"]
[SourceVersion "1"]
[SourceVersionDate "2017.10.06"]
[SourceQuality "1"]

1. e4 c5 2. Nf3 d6 3. Bb5+ Bd7 4. Bxd7+ Qxd7 5. 0-0 Nc6 6. c3 Nf6 7. Re1 e6 8. d4 cxd4 9. cxd4 d5 10. e5 Ne4 11. Nbd2 Nxd2 12. Bxd2 Be7 13. a3 a5 14. Bg5 Bxg5 15. Nxg5 h6 16. Nh3 Qd8 17. Qd2 Qh4 18. Rad1 Ne7 19. Re3 0-0 20. Rf3 Nf5 21. Rf4 Qe7 22. Rg4 Kh7 23. Nf4 g6 24. Qd3 h5 25. Qh3 Nh6 26. Rh4 Qg5 27. Ne2 Rac8 28. f4 Qf5 29. Qf3 Qc2 30. Ng3 a4 31. f5 Nxf5 32. Nxf5 exf5 33. Rxh5+ Kg7 34. Rh3 Rc4 35. b4 Rfc8 36. Qd3 Qxd1+ 37. Qxd1 Rc1 38. Qxc1 Rxc1+ 39. Kf2 Rc2+ 40. Kf3 g5 41. Rg3 Kh6 42. Rh3+ Kg6 43. Rg3 f4 44. Rg4 Kf5 45. h3 Rc3+ 46. Ke2 Rxa3 47. Kd2 Rb3 48. Kc2 b5 49. Kd2 a3 0-1

[Event "Chigorin Memorial 24th"]
[Site "St Petersburg"]
[Date "2016.10.22"]
[Round "8"]
[White "Zakharov, Yuri Vasilievich"]
[Black "Stepanov, Andrey"]
[Result "0-1"]
[WhiteElo "1689"]
[BlackElo "1976"]
[PlyCount "56"]
[EventDate "2016.10.15"]
[EventType "swiss"]
[EventRounds "9"]
[EventCountry "RUS"]
[SourceTitle "CBM 175 Extra"]
[Source "ChessBase"]
[SourceDate "2016.12.12"]
[SourceVersion "1"]
[SourceVersionDate "2016.12.12"]
[SourceQuality "1"]

1. Nf3 d5 2. g3 c6 3. Bg2 Bg4 4. b3 Nd7 5. Bb2 Ngf6 6. 0-0 e6 7. d3 Bd6 8. Nbd2 0-0 9. c4 Qe7 10. Re1 e5 11. e4 dxe4 12. dxe4 Rfd8 13. Qc2 Bb4 14. a3 Bxf3 15. Nxf3 Bxe1 16. Rxe1 Ne8 17. b4 f6 18. c5 Nf8 19. Nh4 Ne6 20. Nf5 Qd7 21. Qc4 g6 22. Ne3 Qf7 23. Ng4 Kg7 24. Qc1 h5 25. Ne3 Kh7 26. h4 Nd4 27. Nc4 Qe6 28. Kf1 Nb3 0-1

[Event "St Petersburg Summer op"]
[Site "St Petersburg"]
[Date "2016.08.25"]
[Round "9"]
[White "Stepanov, Andrey"]
[Black "Kuzmishin, Leonid"]
[Result "1-0"]
[WhiteElo "1995"]
[BlackElo "1762"]
[PlyCount "133"]
[EventDate "2016.08.17"]
[EventType "swiss"]
[EventRounds "9"]
[EventCountry "RUS"]
[SourceTitle "CBM 174 Extra"]
[Source "ChessBase"]
[SourceDate "2016.10.10"]
[SourceVersion "1"]
[SourceVersionDate "2016.10.10"]
[SourceQuality "1"]

1. e4 e6 2. d4 d5 3. Nc3 Bb4 4. a3 Bxc3+ 5. bxc3 Ne7 6. Qg4 Ng6 7. e5 b6 8. h4 h5 9. Qg3 Ba6 10. Ne2 Rh7 11. Nf4 Nxf4 12. Bxf4 Bxf1 13. Kxf1 Nc6 14. Qd3 Rh8 15. Bg5 Qd7 16. Ke2 Na5 17. Qa6 Qa4 18. Kd3 Qc4+ 19. Qxc4 Nxc4 20. Rhb1 Kd7 21. Rb4 Rhc8 22. Rxc4 dxc4+ 23. Kxc4 c5 24. Kd3 cxd4 25. cxd4 Rc6 26. Bd2 Rac8 27. c3 Ke7 28. f3 b5 29. g4 Rc4 30. gxh5 Rh8 31. Rg1 Kf8 32. h6 gxh6 33. h5 a6 34. Rg3 Ra4 35. Bc1 Rc4 36. Rg2 Ke7 37. Bd2 Ra4 38. Bc1 Rc4 39. f4 Rhc8 40. Bb2 Rh8 41. Rg3 Kf8 42. f5 Rg8 43. Rf3 exf5 44. Bc1 Ke7 45. Bxh6 Ke6 46. Bd2 f6 47. exf6 Kxf6 48. h6 Ke6 49. Rh3 Rh8 50. Bf4 Rh7 51. Rg3 Kf7 52. Kc2 Rc6 53. Rh3 Rc4 54. Kb3 Kg6 55. Kb2 Re7 56. Rg3+ Kh7 57. Kb3 Rc6 58. d5 Rc8 59. d6 Rf7 60. Rd3 Rd8 61. c4 Rdd7 62. c5 a5 63. c6 Rd8 64. d7 Rg8 65. d8Q Rxd8 66. Rxd8 Re7 67. Rd7 1-0

[Event "St Petersburg Summer op"]
[Site "St Petersburg"]
[Date "2016.08.19"]
[Round "3"]
[White "Stepanov, Andrey"]
[Black "Dilmukhametov, Artur"]
[Result "0-1"]
[WhiteElo "1995"]
[BlackElo "2333"]
[PlyCount "56"]
[EventDate "2016.08.17"]
[EventType "swiss"]
[EventRounds "9"]
[EventCountry "RUS"]
[SourceTitle "CBM 174 Extra"]
[Source "ChessBase"]
[SourceDate "2016.10.10"]
[SourceVersion "1"]
[SourceVersionDate "2016.10.10"]
[SourceQuality "1"]

1. e4 e6 2. d4 d5 3. Nc3 Bb4 4. e5 c5 5. a3 Bxc3+ 6. bxc3 Ne7 7. Qg4 cxd4 8. Qxg7 Rg8 9. Qxh7 Qc7 10. Ne2 Nbc6 11. f4 dxc3 12. Qd3 d4 13. Rb1 Bd7 14. g3 0-0-0 15. Bg2 Nf5 16. Be4 b6 17. a4 Kb8 18. Ba3 Bc8 19. a5 Nxa5 20. Bxf5 exf5 21. Bd6 Rxd6 22. exd6 Qxd6 23. Qxd4 Qc6 24. Rf1 Re8 25. Qd3 Be6 26. Nd4 Qg2 27. Nxe6 Rxe6+ 28. Kd1 Nb7 0-1

[Event "St Petersburg Summer op"]
[Site "St Petersburg"]
[Date "2016.08.18"]
[Round "2"]
[White "Pitkanen, Juhani"]
[Black "Stepanov, Andrey"]
[Result "0-1"]
[WhiteElo "1676"]
[BlackElo "1995"]
[PlyCount "80"]
[EventDate "2016.08.17"]
[EventType "swiss"]
[EventRounds "9"]
[EventCountry "RUS"]
[SourceTitle "CBM 174 Extra"]
[Source "ChessBase"]
[SourceDate "2016.10.10"]
[SourceVersion "1"]
[SourceVersionDate "2016.10.10"]
[SourceQuality "1"]

1. d4 Nf6 2. Bf4 g6 3. Nc3 d5 4. Qd2 Bg7 5. Bh6 0-0 6. Bxg7 Kxg7 7. 0-0-0 c6 8. f3 b5 9. e3 a5 10. g4 h5 11. gxh5 Nxh5 12. e4 Be6 13. e5 Rh8 14. Nh3 Na6 15. Ng5 Nc7 16. Be2 Bf5 17. f4 f6 18. Bxh5 Rxh5 19. Nf3 a4 20. Ne2 Be4 21. Rdf1 Qd7 22. Ng3 Rh3 23. Nxe4 dxe4 24. Ng1 Rh6 25. Ne2 f5 26. Kb1 Nd5 27. Nc3 Nb6 28. Nd1 Nc4 29. Qc3 e6 30. b3 axb3 31. axb3 Nb6 32. Ne3 Qa7 33. Qb2 Rh3 34. Nd1 Nd5 35. Nf2 Nc3+ 36. Kc1 Rf3 37. Nd1 Rxf1 38. Rxf1 b4 39. Nxc3 bxc3 40. Qxc3 Qa1+ 0-1

[Event "St Petersburg Summer op"]
[Site "St Petersburg"]
[Date "2016.08.17"]
[Round "1"]
[White "Stepanov, Andrey"]
[Black "Kukhmazov, Arsen"]
[Result "0-1"]
[WhiteElo "1995"]
[BlackElo "2399"]
[PlyCount "116"]
[EventDate "2016.08.17"]
[EventType "swiss"]
[EventRounds "9"]
[EventCountry "RUS"]
[SourceTitle "CBM 174 Extra"]
[Source "ChessBase"]
[SourceDate "2016.10.10"]
[SourceVersion "1"]
[SourceVersionDate "2016.10.10"]
[SourceQuality "1"]

1. e4 c6 2. d4 d5 3. Nc3 dxe4 4. Nxe4 Bf5 5. Ng3 Bg6 6. N1e2 e6 7. Nf4 Bd6 8. c3 Qh4 9. Qf3 Nd7 10. Nxg6 hxg6 11. Ne4 Be7 12. g3 Qh5 13. Qxh5 gxh5 14. h4 0-0-0 15. Bg2 c5 16. Be3 Ngf6 17. Nxc5 Nxc5 18. dxc5 Ng4 19. c6 bxc6 20. Bd4 c5 21. Be3 Nxe3 22. fxe3 Rd3 23. Ke2 Rhd8 24. Rad1 Rxd1 25. Rxd1 Rxd1 26. Kxd1 Bd6 27. Bf3 Bxg3 28. Bxh5 g6 29. Bf3 Bxh4 30. b4 Be7 31. Bc6 g5 32. b5 Kc7 33. c4 Kd6 34. Ke2 Ke5 35. a4 Bd8 36. Kf3 f5 37. Bb7 Bc7 38. Bc6 g4+ 39. Kg3 Kf6+ 40. Kh4 Ba5 41. Kg3 Kg5 42. Bd7 e5 43. Bc6 Be1+ 44. Kg2 f4 45. Kf1 Ba5 46. Ke2 Kh4 47. Bd5 Kg3 48. Be6 f3+ 49. Kf1 Bd2 50. Bd5 e4 51. Bxe4 Bxe3 52. a5 Bf4 53. a6 Bc7 54. Bc2 Kf4 55. Kf2 g3+ 56. Kf1 Ke3 57. Bd1 g2+ 58. Kg1 Bg3 0-1

[Event "Heart of Finland op 26th"]
[Site "Jyvaskyla"]
[Date "2016.07.19"]
[Round "2"]
[White "Stepanov, Andrey"]
[Black "Sepman, Yulius"]
[Result "0-1"]
[WhiteElo "1977"]
[BlackElo "2342"]
[PlyCount "120"]
[EventDate "2016.07.18"]
[EventType "swiss"]
[EventRounds "9"]
[EventCountry "FIN"]
[SourceTitle "EXT 2022"]
[Source "ChessBase"]
[SourceDate "2021.10.06"]
[SourceVersion "1"]
[SourceVersionDate "2021.10.06"]
[SourceQuality "1"]

1. e4 e5 2. Nf3 Nc6 3. Bb5 a6 4. Ba4 Nf6 5. 0-0 Nxe4 6. d4 b5 7. Bb3 d5 8. dxe5 Be6 9. c3 Be7 10. Nbd2 Nc5 11. Bc2 d4 12. b4 d3 13. bxc5 dxc2 14. Qxc2 Bxc5 15. Ne4 Be7 16. Rd1 Qc8 17. a4 Bg4 18. Bf4 0-0 19. axb5 axb5 20. Rxa8 Qxa8 21. Nfg5 Bf5 22. Qe2 Qa4 23. f3 Bxg5 24. Bxg5 Bxe4 25. fxe4 Nxe5 26. Bf4 Ng6 27. Bg3 Re8 28. Rd4 Qa1+ 29. Rd1 Qxc3 30. Qxb5 c6 31. Qd3 Qxd3 32. Rxd3 f6 33. Rc3 Rc8 34. Rc5 Kf7 35. Kf2 Ke6 36. Ke3 Nf8 37. Kd4 Nd7 38. Rc2 h5 39. h3 c5+ 40. Kc4 Ne5+ 41. Kb3 Rb8+ 42. Kc3 Rd8 43. Bxe5 Kxe5 44. Kc4 Kxe4 45. Rf2 Rc8 46. Rf3 h4 47. Rf2 Rc7 48. Rf1 f5 49. Rf2 g6 50. Rf1 Rd7 51. Rf2 Rc7 52. Rf3 Ra7 53. Rf2 Ra5 54. Re2+ Kf4 55. Re6 g5 56. Re2 Kg3 57. Re5 Ra4+ 58. Kd3 Rf4 59. Re6 c4+ 60. Kd2 Rf2+ 0-1

[Event "Chigorin Memorial 23rd"]
[Site "St Petersburg"]
[Date "2015.10.11"]
[Round "9"]
[White "Tsirulnik, Maritsa"]
[Black "Stepanov, Andrey"]
[Result "1/2-1/2"]
[WhiteElo "2153"]
[BlackElo "1980"]
[PlyCount "84"]
[EventDate "2015.10.03"]
[EventType "swiss"]
[EventRounds "9"]
[EventCountry "RUS"]
[SourceTitle "CBM 168 Extra"]
[Source "ChessBase"]
[SourceDate "2015.10.29"]
[SourceVersion "1"]
[SourceVersionDate "2015.10.29"]
[SourceQuality "1"]

1. d4 Nf6 2. c4 g6 3. Nf3 Bg7 4. g3 0-0 5. Bg2 d5 6. cxd5 Nxd5 7. 0-0 Nc6 8. Nc3 Nb6 9. e3 Re8 10. Re1 e5 11. d5 Ne7 12. e4 Bg4 13. h3 Bxf3 14. Qxf3 Nec8 15. b3 Nd6 16. Bb2 f5 17. Rad1 Rf8 18. Qe2 f4 19. Rd3 h5 20. Nb1 Kh7 21. Nd2 Re8 22. gxf4 exf4 23. Bxg7 Kxg7 24. e5 Nf5 25. Ne4 Rxe5 26. Qb2 Nd7 27. Rf3 Kh6 28. Rxf4 Qe7 29. Qd2 g5 30. Rxf5 Rxf5 31. h4 Re8 32. Rc1 Qe5 33. Nxg5 Qf4 34. Qxf4 Rxf4 35. Ne6 Rxh4 36. Rxc7 Nf8 37. Rxb7 Nxe6 38. dxe6 Rxe6 39. a4 Rd4 40. Bf3 Rf6 41. Be2 a6 42. Ra7 Rdd6 1/2-1/2

[Event "Chigorin Memorial 23rd"]
[Site "St Petersburg"]
[Date "2015.10.10"]
[Round "8"]
[White "Stepanov, Andrey"]
[Black "Salman, Pavel"]
[Result "1/2-1/2"]
[WhiteElo "1980"]
[BlackElo "2183"]
[PlyCount "72"]
[EventDate "2015.10.03"]
[EventType "swiss"]
[EventRounds "9"]
[EventCountry "RUS"]
[SourceTitle "CBM 168 Extra"]
[Source "ChessBase"]
[SourceDate "2015.10.29"]
[SourceVersion "1"]
[SourceVersionDate "2015.10.29"]
[SourceQuality "1"]

1. e4 c5 2. Nf3 e6 3. d4 cxd4 4. Nxd4 a6 5. Bd3 Bc5 6. Nb3 Ba7 7. Qe2 Ne7 8. 0-0 0-0 9. c4 d6 10. Be3 e5 11. Nc3 Nbc6 12. Bxa7 Rxa7 13. Qe3 Be6 14. Rfd1 Qb8 15. Bf1 f5 16. f3 fxe4 17. Nxe4 Nf5 18. Qe1 b5 19. c5 Bxb3 20. axb3 dxc5 21. Nxc5 Nfd4 22. Kh1 a5 23. Qe4 Kh8 24. Rac1 Nb4 25. Nd3 Nxd3 26. Bxd3 g6 27. Rc5 Re7 28. Re1 Rfe8 29. f4 Qb7 30. fxe5 Qxe4 31. Rxe4 Rd8 32. Re3 Nf5 33. Rf3 Nd4 34. Re3 Nf5 35. Rf3 Nd4 36. Re3 Nf5 1/2-1/2

[Event "Chigorin Memorial 23rd"]
[Site "St Petersburg"]
[Date "2015.10.09"]
[Round "7"]
[White "Stepanov, Andrey"]
[Black "Saveliev, Alexei"]
[Result "0-1"]
[WhiteElo "1980"]
[BlackElo "2253"]
[PlyCount "96"]
[EventDate "2015.10.03"]
[EventType "swiss"]
[EventRounds "9"]
[EventCountry "RUS"]
[SourceTitle "CBM 168 Extra"]
[Source "ChessBase"]
[SourceDate "2015.10.29"]
[SourceVersion "1"]
[SourceVersionDate "2015.10.29"]
[SourceQuality "1"]

1. e4 c5 2. Nf3 d6 3. d4 cxd4 4. Nxd4 Nf6 5. Nc3 Nc6 6. Bg5 e6 7. Qd2 a6 8. 0-0-0 Bd7 9. f4 Be7 10. Bxf6 Bxf6 11. Nde2 Be7 12. g4 b5 13. Nd4 Rc8 14. Kb1 Qc7 15. Nxc6 Bxc6 16. Bd3 0-0 17. g5 Rfd8 18. Ne2 e5 19. fxe5 d5 20. exd5 Rxd5 21. Rhg1 Qxe5 22. Nf4 Bxg5 23. Rxg5 Qxg5 24. Nxd5 Qxd5 25. Bxh7+ Kxh7 26. Qxd5 Bxd5 27. Rxd5 Rc6 28. c3 Rh6 29. Rd2 f5 30. Kc2 g5 31. Rf2 Kg6 32. Kd3 g4 33. b3 Kg5 34. c4 bxc4+ 35. bxc4 f4 36. Rc2 Rd6+ 37. Ke2 Kh4 38. c5 Rc6 39. Rc4 Kh3 40. Rxf4 Rxc5 41. Kd3 Rc1 42. Ke4 Rc2 43. Kf5 Rxa2 44. Kg5 a5 45. Rc4 Rxh2 46. Ra4 g3 47. Rxa5 Rf2 48. Ra3 Rf8 0-1

[Event "Chigorin Memorial 23rd"]
[Site "St Petersburg"]
[Date "2015.10.03"]
[Round "1"]
[White "Stepanov, Andrey"]
[Black "Yandarbiev, Ruslan"]
[Result "0-1"]
[WhiteElo "1980"]
[BlackElo "2344"]
[PlyCount "102"]
[EventDate "2015.10.03"]
[EventType "swiss"]
[EventRounds "9"]
[EventCountry "RUS"]
[SourceTitle "CBM 168 Extra"]
[Source "ChessBase"]
[SourceDate "2015.10.29"]
[SourceVersion "1"]
[SourceVersionDate "2015.10.29"]
[SourceQuality "1"]

1. e4 c5 2. Nf3 d6 3. d4 Nf6 4. Nc3 cxd4 5. Nxd4 a6 6. Bg5 e6 7. f4 Qb6 8. Qd2 Qxb2 9. Nb3 Nbd7 10. Bxf6 gxf6 11. Be2 Qa3 12. 0-0 h5 13. Kh1 Qb4 14. a3 Qb6 15. Rab1 Qc7 16. Nd4 Nc5 17. Bf3 h4 18. h3 Qa5 19. Nb3 Qxa3 20. Nxc5 Qxc5 21. Na4 Qc7 22. Nb6 Rb8 23. f5 Be7 24. Qd3 Bd7 25. c4 Qc5 26. fxe6 Bxe6 27. Rfd1 Rg8 28. Rb2 Rg3 29. Qe2 Qe5 30. Rdb1 f5 31. exf5 Bxf5 32. Re1 Be6 33. Bd5 Bf6 34. Rbb1 Qxe2 35. Rxe2 Ke7 36. Bxb7 Be5 37. Bxa6 Ra3 38. Nd5+ Bxd5 39. Rxe5+ dxe5 40. Rxb8 Bxg2+ 41. Kxg2 Rxa6 42. Rh8 Ra2+ 43. Kf3 f5 44. Rxh4 Ra3+ 45. Ke2 Kf6 46. c5 Rc3 47. Rb4 Rxc5 48. h4 f4 49. h5 Kg5 50. Kf3 Rc3+ 51. Ke4 Re3+ 0-1

[Event "Chigorin Memorial 22nd"]
[Site "St Petersburg"]
[Date "2014.10.26"]
[Round "9"]
[White "Stepanov, Andrey"]
[Black "Vorobyova, Valeriya"]
[Result "1-0"]
[WhiteElo "2012"]
[BlackElo "1742"]
[PlyCount "105"]
[EventDate "2014.10.18"]
[EventType "swiss"]
[EventRounds "9"]
[EventCountry "RUS"]
[SourceTitle "EXT 2015"]
[Source "ChessBase"]
[SourceDate "2014.11.20"]
[SourceVersion "1"]
[SourceVersionDate "2014.11.20"]
[SourceQuality "1"]

1. e4 c5 2. Nf3 d6 3. d4 cxd4 4. Nxd4 Nf6 5. Nc3 Nc6 6. Be3 Ng4 7. Bg5 Qb6 8. Bb5 Bd7 9. 0-0 Qxd4 10. Bxc6 Qxd1 11. Bxd7+ Kxd7 12. Raxd1 h6 13. Bc1 Kc6 14. h3 Ne5 15. f4 Ng6 16. Be3 e6 17. Rd4 Be7 18. Ra4 a6 19. Rc4+ Kd7 20. Na4 b5 21. Nb6+ Kd8 22. Rc6 Rb8 23. Rd1 Nf8 24. Bc5 Nd7 25. Bxd6 Rxb6 26. Bxe7+ Kxe7 27. Rxd7+ Kxd7 28. Rxb6 Ra8 29. Rb7+ Ke8 30. Kf2 Rd8 31. Ke2 Rd4 32. Ke3 Rd1 33. Rb6 Rb1 34. Rxa6 Rxb2 35. Kd3 Rb4 36. Ra3 f6 37. Rb3 Ra4 38. Rxb5 Rxa2 39. Rb7 Kf8 40. g3 Ra4 41. h4 Ra6 42. g4 Ra5 43. c4 g5 44. hxg5 hxg5 45. fxg5 fxg5 46. Rb5 Ra7 47. Kd4 Rd7+ 48. Ke5 Ke7 49. Rb6 Ra7 50. c5 Ra5 51. Rb2 Kf8 52. Kd6 Ra8 53. c6 1-0

[Event "Chigorin Memorial 22nd"]
[Site "St Petersburg"]
[Date "2014.10.22"]
[Round "5"]
[White "Stepanov, Andrey"]
[Black "Pletnev, Evgeniy"]
[Result "0-1"]
[WhiteElo "2012"]
[BlackElo "2234"]
[PlyCount "54"]
[EventDate "2014.10.18"]
[EventType "swiss"]
[EventRounds "9"]
[EventCountry "RUS"]
[SourceTitle "EXT 2015"]
[Source "ChessBase"]
[SourceDate "2014.11.20"]
[SourceVersion "1"]
[SourceVersionDate "2014.11.20"]
[SourceQuality "1"]

1. e4 d5 2. exd5 Qxd5 3. Nc3 Qd8 4. d4 Nf6 5. Nf3 Bg4 6. Be3 e6 7. h3 Bxf3 8. Qxf3 c6 9. Bd3 Nbd7 10. 0-0 Bd6 11. Ne4 Nxe4 12. Qxe4 Nf6 13. Qh4 h6 14. Rad1 Qa5 15. f4 0-0-0 16. a3 Nd5 17. Bc1 g5 18. fxg5 hxg5 19. Qxg5 Rdg8 20. Qd2 Qb6 21. Be4 Rxh3 22. Rxf7 Rh4 23. Bxd5 cxd5 24. Qf2 Rgh8 25. Qe2 Bg3 26. Rf8+ Rxf8 27. Rd3 Bf2+ 0-1

[Event "Chigorin Memorial 22nd"]
[Site "St Petersburg"]
[Date "2014.10.21"]
[Round "4"]
[White "Kashtanov, Ruslan"]
[Black "Stepanov, Andrey"]
[Result "1-0"]
[WhiteElo "2316"]
[BlackElo "2012"]
[PlyCount "45"]
[EventDate "2014.10.18"]
[EventType "swiss"]
[EventRounds "9"]
[EventCountry "RUS"]
[SourceTitle "EXT 2015"]
[Source "ChessBase"]
[SourceDate "2014.11.20"]
[SourceVersion "1"]
[SourceVersionDate "2014.11.20"]
[SourceQuality "1"]

1. c4 Nf6 2. Nc3 g6 3. e4 d6 4. g3 Bg7 5. Bg2 0-0 6. Nge2 e5 7. 0-0 Be6 8. d3 Nc6 9. Rb1 Nd4 10. Nxd4 exd4 11. Ne2 c5 12. b4 Rb8 13. bxc5 dxc5 14. Bf4 Ra8 15. Rxb7 Nh5 16. Bc7 Qe7 17. e5 Rfe8 18. Bd6 Qd8 19. h3 f5 20. f4 Rc8 21. Qa4 Bf8 22. Bc7 Qe7 23. Ba5 1-0

[Event "Chigorin Memorial 22nd"]
[Site "St Petersburg"]
[Date "2014.10.20"]
[Round "3"]
[White "Stepanov, Andrey"]
[Black "Kosarev, Aleksey"]
[Result "1-0"]
[WhiteElo "2012"]
[BlackElo "2237"]
[PlyCount "101"]
[EventDate "2014.10.18"]
[EventType "swiss"]
[EventRounds "9"]
[EventCountry "RUS"]
[SourceTitle "EXT 2015"]
[Source "ChessBase"]
[SourceDate "2014.11.20"]
[SourceVersion "1"]
[SourceVersionDate "2014.11.20"]
[SourceQuality "1"]

1. e4 e5 2. Nf3 Nf6 3. Nxe5 d6 4. Nf3 Nxe4 5. d4 d5 6. Bd3 Nc6 7. 0-0 Be7 8. c4 Nb4 9. Be2 0-0 10. Nc3 Bf5 11. a3 Nxc3 12. bxc3 Nc6 13. Re1 Re8 14. Bf4 Rc8 15. cxd5 Qxd5 16. c4 Qe4 17. Bg3 Bf6 18. Bf1 Qc2 19. Rxe8+ Rxe8 20. Qxc2 Bxc2 21. Rc1 Be4 22. d5 Ne5 23. Nxe5 Bxe5 24. Bxe5 Rxe5 25. Re1 f6 26. f4 Re8 27. Bd3 Bg6 28. Rxe8+ Bxe8 29. Kf2 g6 30. Ke3 Kf8 31. Kd4 Ke7 32. g4 h6 33. h4 b6 34. g5 hxg5 35. hxg5 fxg5 36. fxg5 Kd6 37. Be4 Bf7 38. Bd3 Be8 39. Bc2 a6 40. Be4 a5 41. Bc2 Bf7 42. Ba4 Ke7 43. Bb5 Kd6 44. a4 Ke7 45. c5 Kd8 46. cxb6 cxb6 47. Ke5 Bg8 48. Bc6 Kc7 49. Be8 Bh7 50. Kf6 Kd6 51. Kg7 1-0

[Event "Chigorin Memorial 22nd"]
[Site "St Petersburg"]
[Date "2014.10.18"]
[Round "1"]
[White "Stepanov, Andrey"]
[Black "Delemarre, Jop"]
[Result "0-1"]
[WhiteElo "2012"]
[BlackElo "2399"]
[PlyCount "68"]
[EventDate "2014.10.18"]
[EventType "swiss"]
[EventRounds "9"]
[EventCountry "RUS"]
[SourceTitle "EXT 2015"]
[Source "ChessBase"]
[SourceDate "2014.11.20"]
[SourceVersion "1"]
[SourceVersionDate "2014.11.20"]
[SourceQuality "1"]

1. e4 g6 2. d4 Bg7 3. Nc3 d6 4. Be3 Nf6 5. Qd2 0-0 6. f3 e5 7. 0-0-0 exd4 8. Bxd4 Be6 9. Nge2 c5 10. Bxc5 Qa5 11. Ba3 Rd8 12. Nd4 Nc6 13. Nxe6 fxe6 14. Bc4 Kf7 15. g4 Ne5 16. Be2 Rac8 17. g5 Ne8 18. Nb5 Qb6 19. Qd4 Qc6 20. c3 Ng4 21. Qg1 Ne5 22. Nxa7 Qa4 23. Nxc8 Rxc8 24. Rd4 Rxc3+ 25. bxc3 Qxa3+ 26. Kd2 Qb2+ 27. Ke3 Qxc3+ 28. Kf4 Nxf3 29. Bxf3 Bxd4 30. Qc1 Be3+ 31. Qxe3 e5+ 32. Kg4 Qxe3 33. Rf1 Qf4+ 34. Kh3 Ke7 0-1

[Event "Chigorin Memorial 21st"]
[Site "St Petersburg"]
[Date "2013.10.10"]
[Round "6"]
[White "Golubeva, Maria"]
[Black "Stepanov, Andrey"]
[Result "1-0"]
[WhiteElo "1864"]
[BlackElo "1731"]
[PlyCount "49"]
[EventDate "2013.10.05"]
[EventType "swiss"]
[EventRounds "9"]
[EventCountry "RUS"]
[SourceTitle "CBM 156 Extra"]
[Source "ChessBase"]
[SourceDate "2013.10.22"]
[SourceVersion "1"]
[SourceVersionDate "2013.10.22"]
[SourceQuality "1"]

1. d4 Nf6 2. c4 g6 3. Nc3 Bg7 4. e4 d6 5. Be2 0-0 6. Bg5 c5 7. d5 h6 8. Bh4 Qa5 9. Qd2 g5 10. Bg3 g4 11. Bf4 h5 12. h3 gxh3 13. Nxh3 Ng4 14. f3 Nf6 15. Bh6 Kh7 16. Bxg7 Kxg7 17. Nf4 Rh8 18. Nxh5+ Nxh5 19. Qg5+ Kf8 20. Rxh5 Rg8 21. Qh6+ Ke8 22. Rg5 Rf8 23. Kf2 Nd7 24. Rh1 Nf6 25. Qxf8+ 1-0

[Event "Chigorin Memorial 21st"]
[Site "St Petersburg"]
[Date "2013.10.05"]
[Round "1"]
[White "Stepanov, Andrey"]
[Black "Cheremnova, Tamara"]
[Result "0-1"]
[WhiteElo "1731"]
[BlackElo "2289"]
[PlyCount "98"]
[EventDate "2013.10.05"]
[EventType "swiss"]
[EventRounds "9"]
[EventCountry "RUS"]
[SourceTitle "CBM 156 Extra"]
[Source "ChessBase"]
[SourceDate "2013.10.22"]
[SourceVersion "1"]
[SourceVersionDate "2013.10.22"]
[SourceQuality "1"]

1. e4 c6 2. d4 d5 3. e5 Bf5 4. Nf3 e6 5. Bd3 Bxd3 6. Qxd3 Qb6 7. Nbd2 Qa6 8. Qxa6 Nxa6 9. a3 c5 10. dxc5 Bxc5 11. b4 Bb6 12. c4 Ne7 13. c5 Bc7 14. Nb3 b6 15. Be3 bxc5 16. Nxc5 Nxc5 17. Bxc5 Nc6 18. Bd6 Bxd6 19. exd6 Kd7 20. b5 Nd8 21. Rc1 Kxd6 22. 0-0 Re8 23. Nd4 Re7 24. Nc6 Rc7 25. Nxd8 Rxd8 26. Rxc7 Kxc7 27. Rc1+ Kb7 28. f3 Rc8 29. Rb1 Kb6 30. Kf2 Rc5 31. a4 Rc4 32. Ra1 Ka5 33. Ke3 Rxa4 34. Rb1 Kb6 35. Rc1 Rc4 36. Ra1 Rc7 37. Rb1 Rc5 38. Ra1 Rxb5 39. Ra2 e5 40. Kd3 a5 41. Re2 f6 42. f4 d4 43. Ra2 Rb3+ 44. Ke4 Re3+ 45. Kd5 d3 46. Rb2+ Kc7 47. Rd2 e4 48. Kd4 Re2 49. Rd1 f5 0-1